000 00303nam a2200121 a 4500
008 101022s1968|||| d
100 1 _aLazarová, Katarína
245 1 0 _aPutovanie svätej Anny
260 _bSlovenský spisovateľ
_aBratislava
_c1968
020 _c13
041 _aslo
044 _axo
_cSK
999 _c12010
_d12010